Bogotá anatomía de una transformación. Políticas de seguridad ciudadana 1995-2003 (Registro nro. 45796)

Detalles MARC
000 -ENCABEZADO
Número de control [NR] 01349nam a2200301Ia 4500
005 - FECHA Y HORA DE LA ÚLTIMA TRANSACCIÓN
control field 20211110134516.0
008 - DE LONGITUD FIJA DE DATOS DE ELEMENTOS - INFORMACIÓN GENERAL
Elementos de longitud fija [NR] 130821s2003 ck gr spa
020 ## - NUMERO INTERNACIONAL NORMALIZADO PARA LIBROS [R]
Número Internacional Normalizado del libro [NR] 9586837505
040 ## - FUENTE DE CATALOGACION [NR]
Agencia de catalogación original [NR] Co-BoUCM
Idioma de catalogación [NR] spa
Quien Cataloga [Nuevo]
Quien Clasifica
041 00 - CODIGO DE IDIOMA [R]
Código de idioma para texto/pista de sonido o título separado [R] Español
100 1# - ASIENTO PRINCIPAL--NOMBRE PERSONAL [NR]
Nombre personal [NR] Martin, Gerard.
ID Autoridad 54735
245 10 - MENCION DE TITULO [NR]
Título [NR] Bogotá anatomía de una transformación. Políticas de seguridad ciudadana 1995-2003
Mención de responsabilidad, etc. [NR] Gerard Martin y Miguel Ceballos
260 ## - PUBLICACION, DISTRIBUCION, ETC. (PIE DE IMPRENTA) [R]
Lugar de publicación, distribución, etc. [R] Bogotá (Colombia)
Nombre del editor, distribuidor, etc. [R] Editorial Pontificia Universidad Javeriana
Fecha de publicación, distribución, etc. [R] 2003
300 ## - DESCRIPCION FISICA [R]
Extensión [R] 774 páginas
650 #4 - ASIENTO SECUNDARIO DE MATERIA - TERMINO TEMATICO [R]
Término temático o nombre geográfico como elemento de entrada [NR] Convivencia ciudadana
Subdivisión geográfica [R] Bogotá (Colombia)
9 (RLIN) 11948
650 #4 - ASIENTO SECUNDARIO DE MATERIA - TERMINO TEMATICO [R]
Término temático o nombre geográfico como elemento de entrada [NR] Seguridad ciudadana
Subdivisión geográfica [R] Bogotá (Colombia)
9 (RLIN) 24088
650 #4 - ASIENTO SECUNDARIO DE MATERIA - TERMINO TEMATICO [R]
Término temático o nombre geográfico como elemento de entrada [NR] Seguridad ciudadana
Subdivisión geográfica [R] Bogotá (Colombia)
Subdivisión cronológica [R] 1995-2003
Subdivisión de forma [R] Programas
9 (RLIN) 24088
650 #4 - ASIENTO SECUNDARIO DE MATERIA - TERMINO TEMATICO [R]
Término temático o nombre geográfico como elemento de entrada [NR] Vida en comunidad
Subdivisión geográfica [R] Bogotá (Colombia)
9 (RLIN) 26226
650 #7 - ASIENTO SECUNDARIO DE MATERIA - TERMINO TEMATICO [R]
Término temático o nombre geográfico como elemento de entrada [NR] Criminología
Subdivisión geográfica [R] Bogotá (Colombia)
9 (RLIN) 12152
650 #7 - ASIENTO SECUNDARIO DE MATERIA - TERMINO TEMATICO [R]
Término temático o nombre geográfico como elemento de entrada [NR] Desarrollo económico y social
9 (RLIN) 31134
Subdivisión geográfica [R] Bogotá (Colombia)
650 #7 - ASIENTO SECUNDARIO DE MATERIA - TERMINO TEMATICO [R]
Término temático o nombre geográfico como elemento de entrada [NR] Desarrollo urbano
Subdivisión geográfica [R] Bogotá (Colombia)
Subdivisión cronológica [R] 1995-2003
9 (RLIN) 29913
650 #7 - ASIENTO SECUNDARIO DE MATERIA - TERMINO TEMATICO [R]
Término temático o nombre geográfico como elemento de entrada [NR] Violencia
Subdivisión geográfica [R] Bogotá (Colombia)
9 (RLIN) 422
650 04 - ASIENTO SECUNDARIO DE MATERIA - TERMINO TEMATICO [R]
Término temático o nombre geográfico como elemento de entrada [NR] Prevención del delito
Subdivisión geográfica [R] Bogotá (Colombia)
9 (RLIN) 22272
650 04 - ASIENTO SECUNDARIO DE MATERIA - TERMINO TEMATICO [R]
Término temático o nombre geográfico como elemento de entrada [NR] Violencia
Subdivisión general [R] Prevención y control
Subdivisión geográfica [R] Bogotá (Colombia)
9 (RLIN) 422
690 ## - ASUNTO AGREGADO LOCAL DE ENTRADA - TÉRMINO TEMÁTICO (OCLC, RLIN)
Acceso temático local Bienestar social
9 (RLIN) 10081
942 ## - ELEMENTOS DE ENTRADA AGREGADOS (KOHA)
Tipo de ítem principal el descrito en 300a Libro
Tema principal Sociología
Edición 1
Parte restante de la signatura top. M379b
Sistema de clasificación DEWEY
Clasificación 364.48614
Existencias
Fecha de último préstamo Total préstamos Total Renewals Signatura topográfica Código de barras Última vez visto Ejemplar Costo de reposición Price effective from Tipo de ítem Nota pública (OPAC) Perdido Sistema de clasificación Dañado No prestable Tipo de ítem específico Suprimido Ubicación habitual Ubicación actual Localización Fecha de creación Proveedor Forma de adquisición Costo
30/09/2017 5 4 364.48614 M379b 100138812 04/12/2025 Ej.2 26000.00 14/01/2014 Libro Spot Criminología e Investigación Criminal   DEWEY     Libro   Claustro Claustro 3er piso 14/01/2014 12 Donación 0.00